UPLATNENIE KINEMATOGRAFICKEJ TECHNIKY PRI RACIONALIZÁCII PRÁCE

Bibliographic Details
Main Author: Sochor, Milan (Author)
Format: Article
Language:Slovak

MARC

LEADER 00000nab a2200000 a 4500
001 vtls011131940
003 SK-MaSNL
005 20260303150914.0
008 230222|1976 xo |||||||||||||||||slo|
015 |a SNBRB 
035 |a (uuid)b0171e24-6e60-46db-af13-1c500f44f02b 
035 |a (urnnbn)urn:nbn:sk:snk:ar-a09lzr 
035 |a urn:nbn:sk:snk-aba9p7 
040 |a SNKBUCL  |b slo  |c SNKBUCL  |e AACR2 
041 0 |a slo 
044 |a xo  |c SK 
100 1 |a Sochor, Milan  |4 aut  |9 9004 
245 1 0 |a UPLATNENIE KINEMATOGRAFICKEJ TECHNIKY PRI RACIONALIZÁCII PRÁCE  |c Milan Sochor 
773 0 |t Trend VUMA : vedeckotechnický časopis : časopis pre odbory : montáž v strojárstve - elektrické metódy obrábania - ultrazvuk  |g Roč. 7, č. 1 (1976), s. 19-27 
954 |a odborná, vedecká literatúra pôvodná (slovenská)  |2 lita 
958 |a OND 
958 |a EUIPO 
958 |a article13 
999 |c 2014439  |d 2016369